Pedagogická psychológia /

Na minha lista:
Detalhes bibliográficos
Autor principal: Pardel, Tomáš (Author)
Formato: Livro
Idioma:eslovaco
Publicado em: Bratislava : Slovenské pedagogické nakladateľstvo, 1967
Edição:3.zrev.,dopl.a čiast.prepr.vyd.
Assuntos:
Acesso em linha:OBSAH
Tags: Adicionar Tag
Sem tags, seja o primeiro a adicionar uma tag!

MARC

LEADER 00000nam a22000003a 4500
001 stu40313
005 20150617225721.9
008 930419s1967----cs------------------slo-d
040 |a STU  |b slo 
041 0 |a slo 
044 |a cs 
080 |a 37.015.3 
100 1 |a Pardel, Tomáš  |4 aut 
245 1 |a Pedagogická psychológia /  |c [aut.]Tomáš Pardel 
250 |a 3.zrev.,dopl.a čiast.prepr.vyd. 
260 |a Bratislava :  |b Slovenské pedagogické nakladateľstvo,  |c 1967 
300 |a 422 s 
650 7 |a Psychológia pedagogická  |2 stusub 
856 4 |a https://sweb.mtf.stuba.sk/obsahy/pedagogicka_psychologia_67  |u https://sweb.mtf.stuba.sk/obsahy/pedagogicka_psychologia_67  |3 OBSAH 
996 |b 284M034001  |c M*5228-1  |l MMKN  |s A  |a 24  |w stu40313_0001 
996 |b 284V027679  |c V*6054/E-287  |l VVT  |s A  |a 24  |w stu40313_0002